| 000 -LEADER |
| fixed length control field |
02771cam a2200397 a 4500 |
| 001 - CONTROL NUMBER |
| control field |
15190448 |
| 005 - DATE AND TIME OF LATEST TRANSACTION |
| control field |
20170105102915.0 |
| 008 - FIXED-LENGTH DATA ELEMENTS--GENERAL INFORMATION |
| fixed length control field |
080222s2009 enkab b 001 0 eng |
| 010 ## - LIBRARY OF CONGRESS CONTROL NUMBER |
| LC control number |
2008007131 |
| 020 ## - INTERNATIONAL STANDARD BOOK NUMBER |
| International Standard Book Number |
9780415456913 (hardback : alk. paper) |
| 020 ## - INTERNATIONAL STANDARD BOOK NUMBER |
| International Standard Book Number |
0415456916 (hardback : alk. paper) |
| 020 ## - INTERNATIONAL STANDARD BOOK NUMBER |
| International Standard Book Number |
9780203892350 (ebook) |
| 020 ## - INTERNATIONAL STANDARD BOOK NUMBER |
| International Standard Book Number |
0203892356 (ebook) |
| 035 ## - SYSTEM CONTROL NUMBER |
| System control number |
(OCoLC)202540305 |
| 035 ## - SYSTEM CONTROL NUMBER |
| System control number |
(OCoLC)ocn202540305 |
| 040 ## - CATALOGING SOURCE |
| Original cataloging agency |
DLC |
| Transcribing agency |
DLC |
| Modifying agency |
BAKER |
| -- |
YDXCP |
| -- |
BTCTA |
| -- |
BWK |
| -- |
OCLCG |
| -- |
C#P |
| -- |
CDX |
| -- |
BWX |
| -- |
DLC |
| 043 ## - GEOGRAPHIC AREA CODE |
| Geographic area code |
az----- |
| 050 00 - LIBRARY OF CONGRESS CALL NUMBER |
| Classification number |
DS339.4 |
| Item number |
.S667 2009 |
| 082 00 - DEWEY DECIMAL CLASSIFICATION NUMBER |
| Classification number |
305.891/4 |
| Edition number |
22 |
| 245 04 - TITLE STATEMENT |
| Title |
The South Asian diaspora : |
| Remainder of title |
transnational networks and changing identities / |
| Statement of responsibility, etc. |
edited by Rajesh Rai and Peter Reeves. |
| 260 ## - PUBLICATION, DISTRIBUTION, ETC. |
| Place of publication, distribution, etc. |
London ; |
| -- |
New York : |
| Name of publisher, distributor, etc. |
Routledge, |
| Date of publication, distribution, etc. |
2009. |
| 300 ## - PHYSICAL DESCRIPTION |
| Extent |
xiii, 215 p. : |
| Other physical details |
ill., maps ; |
| Dimensions |
25 cm. |
| 440 #0 - SERIES STATEMENT/ADDED ENTRY--TITLE |
| Title |
Routledge contemporary South Asia series ; |
| Volume/sequential designation |
11 |
| 504 ## - BIBLIOGRAPHY, ETC. NOTE |
| Bibliography, etc. note |
Includes bibliographical references and index. |
| 505 0# - FORMATTED CONTENTS NOTE |
| Formatted contents note |
Ethnicity, locality and circulation in two diasporic merchant networks from South Asia / Claude Markovits -- The social world of Gujarati merchants and their Indian Ocean networks in the seventeenth century / Murari Kumar Jha -- Subaltern networks in a colonial diaspora : a study of Indian migrants and Mauritius / Marina Carter -- An entrepreneurial diaspora? Transnational space and India's international economic expansion / Peter Reeves -- Indians in Southeast Asia : migrant labour, knowledge workers and the new India / Amarjit Kaur -- Indo-Fijians : roots and routes / Brij V. Lal -- From Bharat to Sri Ram Desh : the emigration of Indian indentured labourers to Suriname / Chan E.S. Choenni -- Sociological reflections on the diasporic Bangladeshis in Singapore and USA / Habibul Haque Khondker -- The attrition and survival of minor South Asian languages in Singapore / Rajesh Rai -- Forging kinship with food : the experience of South Indians in Malaysia / Theresa W. Devasahayam -- Bhai Maharaj Singh and the making of a 'model minority' : Sikhs in Singapore / Tan Li Jen -- 'The familiar temporariness' : Naipaul, diaspora and the literary imagination : a personal narrative / Vijay Mishra. |
| 650 #0 - SUBJECT ADDED ENTRY--TOPICAL TERM |
| Topical term or geographic name entry element |
South Asians |
| Geographic subdivision |
Foreign countries. |
| 650 #0 - SUBJECT ADDED ENTRY--TOPICAL TERM |
| Topical term or geographic name entry element |
South Asians |
| General subdivision |
Ethnic identity. |
| 650 #0 - SUBJECT ADDED ENTRY--TOPICAL TERM |
| Topical term or geographic name entry element |
South Asian diaspora. |
| 651 #0 - SUBJECT ADDED ENTRY--GEOGRAPHIC NAME |
| Geographic name |
South Asia |
| General subdivision |
Emigration and immigration. |
| 700 1# - ADDED ENTRY--PERSONAL NAME |
| Personal name |
Rai, Rajesh. |
| 700 1# - ADDED ENTRY--PERSONAL NAME |
| Personal name |
Reeves, Peter, |
| Dates associated with a name |
1935- |
| 856 41 - ELECTRONIC LOCATION AND ACCESS |
| Materials specified |
Table of contents only |
| Uniform Resource Identifier |
<a href="http://www.loc.gov/catdir/toc/fy0903/2008007131.html">http://www.loc.gov/catdir/toc/fy0903/2008007131.html</a> |
| 906 ## - LOCAL DATA ELEMENT F, LDF (RLIN) |
| a |
7 |
| b |
cbc |
| c |
orignew |
| d |
1 |
| e |
ecip |
| f |
20 |
| g |
y-gencatlg |
| 942 ## - ADDED ENTRY ELEMENTS (KOHA) |
| Source of classification or shelving scheme |
|
| Koha item type |
Book |